Načítá se...

മലയാളസിനിമ: കാഴ്ചയുടെ ഋതു ഭേദങ്ങൾ

Podrobná bibliografie
Hlavní autor: Manoj, M.D
Médium: Printed Book
Vydáno: Trivandrum Chinta Publishers 2018
Témata:
LEADER 00567nam a22001457a 4500
999 |c 280272  |d 280272 
020 |a 9789388485067 
082 |a 791.43  |b MAN.M 
100 |a Manoj, M.D. 
240 |a Malayala Cinema: Kazchayude Rithubhedangal  
245 |a മലയാളസിനിമ: കാഴ്ചയുടെ ഋതു ഭേദങ്ങൾ  
260 |a Trivandrum  |b Chinta Publishers  |c 2018 
650 |a Malayalam, Cinema 
942 |c BK 
952 |0 0  |1 0  |4 0  |6 791_430000000000000_MAN_M  |7 0  |8 NFIC  |9 298820  |a CAMPUS  |b CAMPUS  |d 2020-03-23  |l 0  |o 791.43 MAN.M  |p 29723  |r 2020-03-23  |w 2020-03-23  |y BK